00574nam a2200205 a 4500001001300000003000900013005001700022008004100039020002300080082002000103100001900123245004000142260005400182300000800236500003500244505002400279650002200303650002400325700001900349nice12345678IN_TiNIC20260116012326.0050524s1990 isla grp 000 0 eng  a9694088 c10000a500.80297bSAU1 aSaud, Muhammad aScientific Method of Ibn Al-Haytham aIslamabadbInternational Islamic Universityc1990 a76p aincludes index and biblioraphy2 aBibliography, Index aIslam and Science aScience-Methodology1 aSaud, Muhammad